书目信息 |
| 题名: |
罗宾斯《组织行为学》(第10版)笔记和课后习题详解
|
|
| 作者: | 金圣才 主编 | |
| 分册: | ||
| 出版信息: | 北京 中国石化出版社 2007.02 |
|
| 页数: | 479页 | |
| 开本: | 26cm | |
| 丛书名: | 国外经典教材习题详解系列 | |
| 单 册: | ||
| 中图分类: | C936 | |
| 科图分类: | ||
| 主题词: | 组织行为学--zu zhi xing wei xue--高等学校--教学参考资料 | |
| 电子资源: | ||
| ISBN: | 978-7-80229-011-2 | |
| 000 | 01212nam 2200277 450 | |
| 001 | 012008905701 | |
| 005 | 20080506180233.96 | |
| 010 | @a978-7-80229-011-2@dCNY59.80 | |
| 100 | @a20080506d2007 em y0chiy0120 ea | |
| 101 | 0 | @achi |
| 102 | @aCN@b110000 | |
| 105 | @aa z 000yy | |
| 106 | @ar | |
| 200 | 1 | @a罗宾斯《组织行为学》(第10版)笔记和课后习题详解@Aluo bin si《zu zhi xing wei xue》(di 10 ban)bi ji he ke hou xi ti xiang jie@f金圣才主编@Fjin sheng cai zhu bian |
| 205 | @a第1版 | |
| 210 | @a北京@c中国石化出版社@d2007.02 | |
| 215 | @a479页@c图@d26cm | |
| 225 | 2 | @a国外经典教材习题详解系列@Aguo wai jing dian jiao cai xi ti xiang jie xi lie |
| 330 | @a这是一套全面解析当前国外各大院校权威教科书的辅导资料。罗宾斯的《组织行为学》是世界上广受欢迎的 国际权威教材,本书基本遵循最新版本《组织行为学》(第lO版)的幸目编排,共分19章。 | |
| 410 | 0 | @12001 @a国外经典教材习题详解系列 |
| 517 | 1 | @a罗宾斯组织行为学笔记和课后习题详解@Aluo bin si zu zhi xing wei xue bi ji he ke hou xi ti xiang jie |
| 606 | 0 | @a组织行为学@Azu zhi xing wei xue@x高等学校@j教学参考资料 |
| 690 | @aC936@v4 | |
| 701 | 0 | @a金圣才@Ajin sheng cai@4主编 |
| 801 | 0 | @aCN@bQSSK@c20080506 |
| 905 | @b705666-68@dC936@eJ800@f3 | |
| 罗宾斯《组织行为学》(第10版)笔记和课后习题详解/金圣才主编.-第1版.-北京:中国石化出版社,2007.02 |
| 479页:图;26cm.-(国外经典教材习题详解系列) |
| ISBN 978-7-80229-011-2:CNY59.80 |
| 这是一套全面解析当前国外各大院校权威教科书的辅导资料。罗宾斯的《组织行为学》是世界上广受欢迎的 国际权威教材,本书基本遵循最新版本《组织行为学》(第lO版)的幸目编排,共分19章。 |
| ● |
| 相关链接 |
|
|
|
正题名:罗宾斯《组织行为学》(第10版)笔记和课后习
索取号:C936/J800
 
预约/预借
| 序号 | 登录号 | 条形码 | 馆藏地/架位号 | 状态 | 备注 |
| 1 | 705666 | 207056665 | 社科库509/509社科库 66排3列1层/ [索取号:C936/J800] | 在馆 | |
| 2 | 705667 | 207056674 | 社科库509/509社科库 66排3列1层/ [索取号:C936/J800] | 在馆 | |
| 3 | 705668 | 207056683 | 社科库509/509社科库 66排3列1层/ [索取号:C936/J800] | 在馆 |